000 00745nam a2200205Ia 4500
003 GCL
008 140319s9999 xx 000 0 ara d
040 _aGCL /
_cGCL
082 0 4 _a813.009
_bع ب
100 1 _aعبدالرحمن ابوعوف
245 1 0 _aالبحث عن طريق جديد للقصة القصيرة المصرية /
_cعبدالرحمن ابوعوف
250 _aالثانية
260 _aالقاهرة :
_bالهيئة العامة لقصور الثقافة ،
_c1971
300 _a187 ص ؛
_c20 سم
490 _aكتابات نقدية
_v64
650 0 4 _aالادب العربى
650 0 4 _aالقصص العربية - مصر
650 0 4 _aالقصص العربية - تاريخ ونقد
942 _2ddc
_cBK
999 _c50719
_d50719